000 00635nam a2200277Ia 4500
005 20260324142654.0
008 008 260324s9999 xx 000 0 eng d
020 _a9780203221723
037 _aEBOOK
040 _aCRL
040 _beng
040 _cCRL
041 _2eng
041 _aeng
084 _qCRL
100 _aTrevor Cliffe
_91212827
245 0 _aPuritan Gentry Besieged 1650-1700
260 _bTaylor and Francis
260 _c1994
365 _a
365 _b145
856 _uhttp://www.taylorfrancis.com/books/9780203221723
942 _cEBOOK
999 _c1817258
_d1817258